世局借鏡猶太史,走出台灣自己的路

資料類型: Book 圖書   書目號:3607

Leader xxxxxxxxxx
001 __ PCLIS00003607
005 __ 20230117095314.0
010 __ |a978-986-133-939-9|b精裝|d690
101 __ |achi
200 __ |a世局借鏡猶太史,走出台灣自己的路|e|f黃文局等人著
205 __ |a
210 __ |a臺北市|c圓神出版|d2024.11
215 __ |a512|c|d
225 __ |a|v
300 __ |a
681 __ |a536.87
700 __ |a|b文局等人|4702 __ |a|b|4
801 _0 |atw|b內湖高中|c20010622
  
  
  
詳細館藏(共 1 筆)
索 書 號登 錄 號冊次號館別 / 館藏地流通類型狀態加入預約清單電子資源
536.87 / 8364 2020988  圖書館 / 一樓普通區 可外借30天 在館   

| 條列資料




目錄查詢 分類查詢 個人資料 圖書薦購 新書查詢 閉館日 排行榜 更多電子資源 Hami書城 線上資料庫 登出

From : 216.73.217.14

  本日流通累計至 17:18:30 借閱 : 0 次 續借 : 0 次 歸還 : 0 次 預約 : 0 次 電子資源 : 0 次


內湖高中圖書館  PCLIS 版本  25.5.0.2